| 000 | 00372nam a22001337a 4500 | ||
|---|---|---|---|
| 020 | _a003058969 | ||
| 040 | _cNUST | ||
| 082 |
_a621.380413 _bLAT |
||
| 100 |
_aB.P. Lathi _984048 |
||
| 245 | _aModern Degital and Analog Communication Systems | ||
| 260 |
_aNew York: _bHolt, Rinehart, _c1983. |
||
| 650 | _2Modern Degital and Analog Communication Systems | ||
| 942 |
_2ddc _cBK |
||
| 999 |
_c611475 _d611475 |
||